Kaníková koncepcia reformy
Pohľad na princípy dôchodkovej reformy. Východiská pre nový systém. Rozdiely medzi Kaníkovou a Magvašiho koncepciou.
Saved in:
| Main Author: | |
|---|---|
| Format: | Book Chapter |
| Language: | Slovak |
| Subjects: | |
| Tags: |
No Tags, Be the first to tag this record!
|
MARC
| LEADER | 00000naa a2200000 4500 | ||
|---|---|---|---|
| 001 | r048008 | ||
| 005 | 20230920090345.9 | ||
| 041 | 0 | |a slo | |
| 044 | |a SK | ||
| 245 | 1 | 0 | |a Kaníková koncepcia reformy |c Dagmar Krištofičová |
| 520 | |a Pohľad na princípy dôchodkovej reformy. Východiská pre nový systém. Rozdiely medzi Kaníkovou a Magvašiho koncepciou. | ||
| 610 | 2 | 0 | |a reformy sociálne |
| 610 | 2 | 0 | |a poistenie dôchodkové |
| 610 | 2 | 0 | |a poistenie dôchodkové doplnkové |
| 610 | 2 | 0 | |a politika sociálna |
| 610 | 2 | 0 | |a Slovensko |
| 610 | 2 | 0 | |a zamestnávatelia |
| 610 | 2 | 0 | |a odvody |
| 100 | 1 | |a Krištofičová, Dagmar | |